comparison of differrent type of organic fertilizers on pak choi (brassica chinensis) at crop research station at royal university of agriculture ,ការប្រៀបធៀបប្រភេទជីសរីរាង្គខុសៗគ្នាទៅលើដំណាំស្ពៃតឿនៅស្ថានីយ៍ពិសោធន៍ដំណាំនៃសាកលវិទ្យាល័យភូមិន្ទកសិកម្ម (Record no. 19249)

000 -LEADER
fixed length control field 00766nam a22001337a 4500
040 ## - CATALOGING SOURCE
Transcribing agency RUA
082 ## - DEWEY DECIMAL CLASSIFICATION NUMBER
Classification number AGR CHO 2015 B433 Or.1
100 ## - MAIN ENTRY--AUTHOR NAME
Personal name CHOUN CHAMNAB,ជួន ចំណាប់
245 ## - TITLE STATEMENT
Title comparison of differrent type of organic fertilizers on pak choi (brassica chinensis) at crop research station at royal university of agriculture ,ការប្រៀបធៀបប្រភេទជីសរីរាង្គខុសៗគ្នាទៅលើដំណាំស្ពៃតឿនៅស្ថានីយ៍ពិសោធន៍ដំណាំនៃសាកលវិទ្យាល័យភូមិន្ទកសិកម្ម
260 ## - PUBLICATION, DISTRIBUTION, ETC. (IMPRINT)
Place of publication RUA
Name of publisher phnom penh
Year of publication 2015
300 ## - PHYSICAL DESCRIPTION
Number of Pages x;34p;
Other physical details ill;
Dimensions 29cm;
856 ## - ELECTRONIC LOCATION AND ACCESS
Uniform Resource Identifier CHOUN CHAMNAB
942 ## - ADDED ENTRY ELEMENTS (KOHA)
Koha item type AGR
952 ## - LOCATION AND ITEM INFORMATION (KOHA)
Withdrawn status [LOCAL, KOHA] 0
952 ## - LOCATION AND ITEM INFORMATION (KOHA)
Withdrawn status [LOCAL, KOHA] 0
952 ## - LOCATION AND ITEM INFORMATION (KOHA)
Withdrawn status [LOCAL, KOHA] 0
Holdings
Permanent Location Date acquired Koha item type Lost status Shelving location Barcode Current Location Full call number
Library Block B2020-07-20AGR B433A12119Library Block BAGR CHO 2015 B433 Or.1
Library Block B2020-07-20AGR B433A12515Library Block BAGR CHO 2015 B433 Or.2
Library Block B2020-07-20AGR B433A11008Library Block BAGR CHO 2015 B433 Or.3
មជ្ឈមណ្ឌលឯការនៃសាកលវិទ្យាល័យភូមិន្ទកសិកម្មចំការដូង

Powered by Koha